[Event "Kecskemet Caissa IM-B 08"]
[Site "Kecskemet"]
[Date "2005.08.25"]
[Round "8"]
[White "Bjerring, Kai"]
[Black "Kragelj, Igor"]
[Result "0-1"]
[WhiteElo "2309"]
[BlackElo "2230"]
[PlyCount "82"]
[EventDate "2005.08.20"]
[EventType "tourn"]
[EventRounds "14"]
[EventCountry "HUN"]
[SourceTitle "CBM 108 Extra"]
[Source "ChessBase"]
[SourceDate "2005.11.04"]
[SourceVersion "1"]
[SourceVersionDate "2005.11.04"]
[SourceQuality "1"]

1. e4 c5 2. Nf3 e6 3. d4 cxd4 4. Nxd4 Nc6 5. Nc3 Qc7 6. Be2 a6 7. Be3 Nf6 8. 0-0 Be7 9. f4 d6 10. Qe1 0-0 11. Qg3 Nxd4 12. Bxd4 b5 13. a3 Bb7 14. Kh1 Bc6 15. e5 dxe5 16. Bxe5 Qb7 17. f5 exf5 18. Rxf5 Ne8 19. Bf3 g6 20. Re1 Rd8 21. Bxc6 Qxc6 22. Rf3 f6 23. Bf4 Ng7 24. Bh6 Rf7 25. Bxg7 Kxg7 26. Rd3 Rxd3 27. Qxd3 Bf8 28. Qf3 Qxf3 29. gxf3 Rc7 30. Re3 Kf7 31. Rd3 f5 32. Kg2 Bg7 33. Kg3 Bxc3 34. bxc3 Rc4 35. Rd7+ Kg8 36. Rd4 Rxc3 37. a4 Rxc2 38. axb5 axb5 39. Rd8+ Kg7 40. Rd7+ Kh6 41. Rb7 Rb2 0-1

[Event "Kecskemet Caissa IM-B 08"]
[Site "Kecskemet"]
[Date "2005.08.24"]
[Round "7"]
[White "Bjerring, Kai"]
[Black "Vasvari, Tamas"]
[Result "1/2-1/2"]
[WhiteElo "2309"]
[BlackElo "2203"]
[PlyCount "26"]
[EventDate "2005.08.20"]
[EventType "tourn"]
[EventRounds "14"]
[EventCountry "HUN"]
[SourceTitle "CBM 108 Extra"]
[Source "ChessBase"]
[SourceDate "2005.11.04"]
[SourceVersion "1"]
[SourceVersionDate "2005.11.04"]
[SourceQuality "1"]

1. e4 c5 2. Nf3 e6 3. Nc3 a6 4. d4 cxd4 5. Nxd4 b5 6. Be2 Bb7 7. Bf3 Nc6 8. Nxc6 Bxc6 9. Qe2 d6 10. a4 b4 11. Nd5 a5 12. 0-0 Be7 13. Nxe7 Nxe7 1/2-1/2

[Event "Kecskemet Caissa IM-B 08"]
[Site "Kecskemet"]
[Date "2005.08.22"]
[Round "3"]
[White "Erdelyi, Tamas"]
[Black "Bjerring, Kai"]
[Result "1/2-1/2"]
[WhiteElo "2278"]
[BlackElo "2309"]
[PlyCount "22"]
[EventDate "2005.08.20"]
[EventType "tourn"]
[EventRounds "14"]
[EventCountry "HUN"]
[SourceTitle "CBM 108 Extra"]
[Source "ChessBase"]
[SourceDate "2005.11.04"]
[SourceVersion "1"]
[SourceVersionDate "2005.11.04"]
[SourceQuality "1"]

1. c4 c5 2. Nc3 Nc6 3. g3 g6 4. Bg2 Bg7 5. Nf3 Nf6 6. 0-0 0-0 7. d4 cxd4 8. Nxd4 Nxd4 9. Qxd4 d6 10. Qd3 a6 11. Be3 Ng4 1/2-1/2

[Event "Linares blind"]
[Site "Linares"]
[Date "2003.03.02"]
[Round "8"]
[White "Trkaljanov, Vladimir"]
[Black "Bjerring, Kai"]
[Result "1-0"]
[WhiteElo "2199"]
[BlackElo "2284"]
[PlyCount "161"]
[EventDate "2003.02.26"]
[EventType "tourn"]
[EventRounds "9"]
[EventCountry "ESP"]
[SourceTitle "EXT 2004"]
[Source "ChessBase"]
[SourceDate "2003.11.25"]
[SourceVersion "1"]
[SourceVersionDate "2003.11.25"]
[SourceQuality "1"]

1. e4 c5 2. Nf3 e6 3. Nc3 Nc6 4. d4 cxd4 5. Nxd4 Nf6 6. Ndb5 Bc5 7. Nd6+ Ke7 8. Bf4 e5 9. Nf5+ Kf8 10. Bg5 d6 11. Ne3 Be6 12. Qd2 Bb4 13. Bxf6 gxf6 14. Bd3 Ne7 15. 0-0 Bxc3 16. Qxc3 d5 17. exd5 Nxd5 18. Nxd5 Qxd5 19. Rae1 Rc8 20. Qb4+ Kg7 21. Qh4 Rcg8 22. Re3 f5 23. c4 Qd6 24. c5 Qd4 25. Qe7 f4 26. Qg5+ Kf8 27. Qxe5 Qxe5 28. Rxe5 Bh3 29. Be4 Bxg2 30. Bxg2 f3 31. Rf5 Rxg2+ 32. Kh1 Kg7 33. Rxf3 Rg6 34. Rg1 Rc8 35. Rxg6+ hxg6 36. Rc3 a5 37. Kg2 Kf6 38. a3 Ke5 39. Re3+ Kf6 40. b4 axb4 41. axb4 b6 42. cxb6 Rb8 43. Kf3 Rxb6 44. Re4 Kg5 45. Ke3 f5 46. Rc4 Rb8 47. h4+ Kh5 48. Kd3 Rf8 49. Rf4 g5 50. hxg5 Kxg5 51. Rd4 f4 52. b5 Kg4 53. b6 Kf3 54. b7 Kxf2 55. Rxf4+ Rxf4 56. b8Q Kf3 57. Qg8 Rf5 58. Qg6 Kf4 59. Kd4 Ra5 60. Qd6+ Kg4 61. Qd7+ Kf3 62. Qh3+ Kf4 63. Qh2+ Kg4 64. Qe2+ Kh3 65. Ke4 Ra8 66. Qf3+ Kh2 67. Kd4 Ra4+ 68. Kc5 Ra5+ 69. Kb4 Rg5 70. Kc4 Rg3 71. Qh5+ Kg2 72. Kd4 Ra3 73. Qd1 Ra7 74. Qb3 Rg7 75. Ke4 Rg4+ 76. Kf5 Rg3 77. Qd5+ Kg1 78. Kf4 Rg2 79. Kf3 Rg6 80. Qd1+ Kh2 81. Qc2+ 1-0

[Event "Linares blind"]
[Site "Linares"]
[Date "2003.??.??"]
[Round "9"]
[White "Bjerring, Kai"]
[Black "Berlinsky, Vladimir"]
[Result "1/2-1/2"]
[WhiteElo "2284"]
[BlackElo "2384"]
[PlyCount "89"]
[EventDate "2003.02.26"]
[EventType "tourn"]
[EventRounds "9"]
[EventCountry "ESP"]
[SourceTitle "EXT 2004"]
[Source "ChessBase"]
[SourceDate "2003.11.25"]
[SourceVersion "1"]
[SourceVersionDate "2003.11.25"]
[SourceQuality "1"]

1. e4 c5 2. Nf3 d6 3. Bb5+ Bd7 4. Bxd7+ Qxd7 5. 0-0 Nc6 6. c3 Nf6 7. Re1 e6 8. d4 cxd4 9. Nxd4 Be7 10. c4 0-0 11. Nc3 a6 12. a4 Rac8 13. b3 Qc7 14. Be3 Rfd8 15. Rc1 Qb8 16. Nde2 b6 17. f3 Nb4 18. Qd2 Nd7 19. Red1 Nc5 20. Rb1 Nc6 21. Bg5 Qa7 22. Bxe7 Qxe7 23. Qe3 Na5 24. Nc1 Qc7 25. N3e2 Nc6 26. Nd3 Nxd3 27. Rxd3 Nb4 28. Rd2 Rd7 29. Rbd1 Rcd8 30. Nc3 h6 31. Kf2 Kf8 32. h3 Ke7 33. Qd4 Qc5 34. Qe3 Nc6 35. Ne2 Na5 36. Rd3 Rb8 37. Nd4 Kf8 38. Ne2 Ke7 39. Nd4 Kf8 40. Ne2 Qxe3+ 41. Kxe3 Ke7 42. Nd4 Rc8 43. f4 g6 44. e5 Nb7 45. Nf3 1/2-1/2

[Event "Pedrido op"]
[Site "Pedrido"]
[Date "2003.??.??"]
[Round "4"]
[White "Bjerring, Kai"]
[Black "Gongora Reyes, Maikel"]
[Result "0-1"]
[WhiteElo "2284"]
[BlackElo "2387"]
[PlyCount "122"]
[EventDate "2003.??.??"]
[EventType "swiss"]
[EventRounds "9"]
[EventCountry "ESP"]
[SourceTitle "EXT 2005"]
[Source "ChessBase"]
[SourceDate "2004.11.15"]
[SourceVersion "1"]
[SourceVersionDate "2004.11.15"]
[SourceQuality "1"]

1. e4 c5 2. Nf3 Nc6 3. Nc3 e6 4. d4 cxd4 5. Nxd4 Nf6 6. Ndb5 d6 7. Bf4 e5 8. Bg5 a6 9. Na3 b5 10. Nd5 Be7 11. Bxf6 Bxf6 12. c3 0-0 13. Nc2 Rb8 14. Be2 Bg5 15. Bg4 Be6 16. Ncb4 Nxb4 17. Nxb4 Qb6 18. 0-0 a5 19. Bxe6 fxe6 20. Nd3 Rf6 21. a4 Qc6 22. axb5 Qxe4 23. Rxa5 Qh4 24. g3 Qh3 25. Qe2 Rh6 26. f4 Bd8 27. Ra6 e4 28. Nb4 Bb6+ 29. Rxb6 Rxb6 30. c4 d5 31. Rf2 dxc4 32. Qxe4 Qf5 33. Qxc4 Rf6 34. Qc7 Qxb5 35. Nd3 Rc6 36. Qa7 Rf8 37. Ne5 Rc1+ 38. Kg2 Qd5+ 39. Kh3 Qe4 40. Qd7 Qf5+ 41. g4 Qf6 42. Kg2 Rc5 43. Qd2 Rd5 44. Qe3 Qe7 45. Kg3 Qd6 46. h4 Rd1 47. Re2 Rd4 48. h5 Rb4 49. g5 Qd5 50. Nf3 Qc4 51. Qxe6+ Qxe6 52. Rxe6 Rbxf4 53. Ne5 R4f5 54. Kh4 Rf1 55. h6 gxh6 56. gxh6 R1f6 57. Re7 Rxh6+ 58. Kg5 Rb6 59. Nd7 Rg6+ 60. Kh5 Rf5+ 61. Kh4 Rf1 0-1

[Event "Pedrido op"]
[Site "Pedrido"]
[Date "2003.??.??"]
[Round "3"]
[White "Pilgaard, Kim"]
[Black "Bjerring, Kai"]
[Result "1/2-1/2"]
[WhiteElo "2437"]
[BlackElo "2284"]
[PlyCount "70"]
[EventDate "2003.??.??"]
[EventType "swiss"]
[EventRounds "9"]
[EventCountry "ESP"]
[SourceTitle "EXT 2005"]
[Source "ChessBase"]
[SourceDate "2004.11.15"]
[SourceVersion "1"]
[SourceVersionDate "2004.11.15"]
[SourceQuality "1"]

1. e4 e5 2. Nf3 Nc6 3. Bc4 Be7 4. 0-0 Nf6 5. Re1 0-0 6. Bb3 d6 7. c3 Bg4 8. h3 Bh5 9. d3 h6 10. Nbd2 Nh7 11. Nf1 Ng5 12. Bxg5 Bxg5 13. Ng3 Bg6 14. Nh2 Bf4 15. Nhf1 Kh8 16. Qf3 Ne7 17. Ne2 Bg5 18. d4 c6 19. dxe5 dxe5 20. Qg3 Qc7 21. h4 Bf6 22. Bc2 Bh5 23. Qh3 Qc8 24. Qxc8 Raxc8 25. g3 Rcd8 26. Kg2 g5 27. hxg5 Bxg5 28. f3 Rd6 29. Rad1 Rfd8 30. Rxd6 Rxd6 31. Rd1 Nc8 32. b4 Rxd1 33. Bxd1 Nd6 34. Bb3 Kg7 35. Kf2 Bg6 1/2-1/2

[Event "Erandio op 11th"]
[Site "Erandio"]
[Date "2002.12.27"]
[Round "6.4"]
[White "Salinero de Prado, Juan Manuel"]
[Black "Bjerring, Kai"]
[Result "0-1"]
[WhiteElo "2222"]
[BlackElo "2263"]
[PlyCount "52"]
[EventDate "2002.12.21"]
[EventType "swiss"]
[EventRounds "8"]
[EventCountry "ESP"]
[SourceTitle "EXT 2004"]
[Source "ChessBase"]
[SourceDate "2003.11.25"]
[SourceVersion "1"]
[SourceVersionDate "2003.11.25"]
[SourceQuality "1"]

1. d4 d5 2. c4 e6 3. Nf3 c6 4. g3 Nf6 5. Bg2 dxc4 6. 0-0 b5 7. Ne5 Bb7 8. Nc3 a6 9. a4 Qc7 10. e4 Nbd7 11. Bf4 Nxe5 12. Bxe5 Qd7 13. axb5 cxb5 14. d5 Be7 15. Bh3 0-0 16. Qe2 b4 17. Bxf6 Bxf6 18. Na4 Qb5 19. dxe6 c3 20. exf7+ Kxf7 21. Qc2 b3 22. Qb1 c2 23. Qe1 Rfe8 24. Bg2 Rac8 25. Qe3 Rc4 26. Rfc1 Rxa4 0-1

[Event "IBCA Wch blind 10th"]
[Site "Istanbul"]
[Date "2002.11.21"]
[Round "2"]
[White "Mlacnik, Franc"]
[Black "Bjerring, Kai"]
[Result "0-1"]
[WhiteElo "2115"]
[BlackElo "2265"]
[PlyCount "86"]
[EventDate "2002.11.20"]
[EventType "swiss"]
[EventRounds "9"]
[EventCountry "TUR"]
[SourceTitle "EXT 2004"]
[Source "ChessBase"]
[SourceDate "2003.11.25"]
[SourceVersion "1"]
[SourceVersionDate "2003.11.25"]
[SourceQuality "1"]

1. d4 Nf6 2. Nf3 e6 3. Bg5 h6 4. Bh4 g5 5. Bg3 Ne4 6. Nbd2 Nxg3 7. hxg3 Bg7 8. e3 d6 9. Bc4 Qe7 10. c3 b6 11. Qc2 Bb7 12. 0-0-0 Nd7 13. e4 0-0-0 14. Qa4 Kb8 15. Ba6 Ba8 16. Rhe1 Nf6 17. d5 Ng4 18. Re2 Ne5 19. Nxe5 Bxe5 20. Nc4 exd5 21. exd5 Bf4+ 22. gxf4 Qxe2 23. Nxb6 Qxd1+ 24. Kxd1 axb6 25. fxg5 Bxd5 26. Bc4 Bxg2 27. Bxf7 Bf3+ 28. Kd2 hxg5 29. Qb5 Rdf8 30. Be6 Bb7 31. Bf5 Re8 32. Bg4 Re5 33. Qd7 Rf8 34. f3 Bxf3 35. Qg7 Ree8 36. Bxf3 Rxf3 37. Qxg5 Rf2+ 38. Kd3 Rxb2 39. a4 Re5 40. Qg8+ Ka7 41. Qc8 Rc5 42. Qe6 Rg2 43. Qh3 Ra2 0-1

[Event "Olympiad-35"]
[Site "Bled"]
[Date "2002.11.08"]
[Round "13.2"]
[White "Bjerring, Kai"]
[Black "Kaabi, Mejdi"]
[Result "1/2-1/2"]
[WhiteElo "2265"]
[BlackElo "2383"]
[PlyCount "99"]
[EventDate "2002.10.26"]
[EventType "team-swiss"]
[EventRounds "14"]
[EventCountry "SLO"]
[SourceTitle "EXT 2003"]
[Source "ChessBase"]
[SourceDate "2002.11.25"]
[SourceVersion "1"]
[SourceVersionDate "2002.11.25"]
[SourceQuality "1"]
[WhiteTeam "IBCA"]
[BlackTeam "Tunisia"]
[BlackTeamCountry "TUN"]

1. e4 c5 2. Nf3 e6 3. d4 cxd4 4. Nxd4 a6 5. Nc3 Qc7 6. g3 Nf6 7. Bg2 d6 8. 0-0 Be7 9. Re1 0-0 10. a4 Nc6 11. h3 Bd7 12. Nde2 Rab8 13. g4 Rfc8 14. g5 Ne8 15. Ng3 b5 16. axb5 axb5 17. Nce2 Ne5 18. Nd4 b4 19. h4 Nc6 20. Nb3 Ne5 21. Nd4 Nc6 22. Nb3 Na7 23. Be3 Nb5 24. Re2 Ra8 25. Nd4 Nxd4 26. Bxd4 Rxa1 27. Qxa1 Bb5 28. Rd2 e5 29. Be3 g6 30. Qa7 Qxa7 31. Bxa7 Ra8 32. Be3 Ra1+ 33. Kh2 Nc7 34. f4 Ra2 35. b3 exf4 36. Bxf4 Ne6 37. Be3 h6 38. c4 Rxd2 39. Bxd2 Ba6 40. Bxb4 hxg5 41. hxg5 Nc5 42. e5 dxe5 43. Ne4 Nxe4 44. Bxe7 Nd2 45. Bd5 Nxb3 46. c5 Nd4 47. c6 Bb5 48. c7 Ba6 49. Bf6 Ne6 50. Bxe6 1/2-1/2

[Event "Olympiad-35"]
[Site "Bled"]
[Date "2002.11.05"]
[Round "10.2"]
[White "Bjerring, Kai"]
[Black "Henni, Mohamed"]
[Result "0-1"]
[WhiteElo "2265"]
[BlackElo "2265"]
[PlyCount "54"]
[EventDate "2002.10.26"]
[EventType "team-swiss"]
[EventRounds "14"]
[EventCountry "SLO"]
[SourceTitle "EXT 2003"]
[Source "ChessBase"]
[SourceDate "2002.11.25"]
[SourceVersion "1"]
[SourceVersionDate "2002.11.25"]
[SourceQuality "1"]
[WhiteTeam "IBCA"]
[BlackTeam "Algeria"]
[BlackTeamCountry "ALG"]

1. e4 c5 2. Nf3 d6 3. d4 cxd4 4. Nxd4 Nf6 5. Nc3 a6 6. Bg5 e6 7. Qf3 Be7 8. 0-0-0 Qa5 9. Be3 0-0 10. g4 Nc6 11. g5 Nd7 12. Nb3 Qc7 13. Qg3 b5 14. f4 b4 15. Na4 Re8 16. Bd3 Bf8 17. h4 Na5 18. Nxa5 Qxa5 19. b3 Bb7 20. Kb1 Bc6 21. Nb2 Qc7 22. Nc4 a5 23. Bd4 a4 24. Rhe1 e5 25. fxe5 dxe5 26. Bf1 Qb7 27. Nxe5 Bd6 0-1

[Event "Olympiad-35"]
[Site "Bled"]
[Date "2002.10.26"]
[Round "1.2"]
[White "Bjerring, Kai"]
[Black "Gashimov, Vugar"]
[Result "1/2-1/2"]
[WhiteElo "2265"]
[BlackElo "2580"]
[PlyCount "48"]
[EventDate "2002.10.26"]
[EventType "team-swiss"]
[EventRounds "14"]
[EventCountry "SLO"]
[SourceTitle "EXT 2003"]
[Source "ChessBase"]
[SourceDate "2002.11.25"]
[SourceVersion "1"]
[SourceVersionDate "2002.11.25"]
[SourceQuality "1"]
[WhiteTeam "IBCA"]
[BlackTeam "Azerbaijan"]
[BlackTeamCountry "AZE"]

1. e4 c5 2. Nf3 a6 3. c4 e6 4. Nc3 b6 5. d4 cxd4 6. Nxd4 Bb7 7. Be3 Bb4 8. f3 Bxc3+ 9. bxc3 Ne7 10. Rb1 0-0 11. Qb3 Nc8 12. c5 d6 13. cxd6 Qxd6 14. Be2 Nd7 15. 0-0 Nc5 16. Qc4 a5 17. Rfd1 Ba6 18. Nb5 Qe7 19. Qd4 Na7 20. Qd6 Qxd6 21. Rxd6 Na4 22. c4 Nxb5 23. cxb5 Nc3 24. Rb2 Nxe2+ 1/2-1/2

[Event "Pablo Gorbea Memorial 6th"]
[Site "Madrid"]
[Date "2002.09.22"]
[Round "7"]
[White "Sprenger, Jan Michael"]
[Black "Bjerring, Kai"]
[Result "1-0"]
[WhiteElo "2426"]
[BlackElo "2263"]
[PlyCount "47"]
[EventDate "2002.09.16"]
[EventType "swiss"]
[EventRounds "9"]
[EventCountry "ESP"]
[SourceTitle "CBM 090 Extra"]
[Source "ChessBase"]
[SourceDate "2002.11.07"]
[SourceVersion "1"]
[SourceVersionDate "2002.11.07"]
[SourceQuality "1"]

1. e4 c5 2. Nf3 Nc6 3. Bb5 g6 4. Bxc6 dxc6 5. h3 Bg7 6. d3 e5 7. Nc3 b6 8. Be3 f6 9. Qd2 Be6 10. 0-0 Ne7 11. a3 0-0 12. b4 cxb4 13. axb4 Qd7 14. Ra3 Rab8 15. Rfa1 Rb7 16. Bh6 Rf7 17. Bxg7 Rxg7 18. d4 exd4 19. Qxd4 c5 20. bxc5 bxc5 21. Qxf6 Rf7 22. Qg5 Nc6 23. Ne5 Nxe5 24. Qxe5 1-0

[Event "Poio op 2nd"]
[Site "Poio"]
[Date "2002.09.06"]
[Round "7.4"]
[White "Leite Oralova, Catarina"]
[Black "Bjerring, Kai"]
[Result "0-1"]
[WhiteElo "2151"]
[BlackElo "2263"]
[PlyCount "137"]
[EventDate "2002.08.31"]
[EventType "swiss"]
[EventRounds "9"]
[EventCountry "ESP"]
[SourceTitle "CBM 090 Extra"]
[Source "ChessBase"]
[SourceDate "2002.11.07"]
[SourceVersion "1"]
[SourceVersionDate "2002.11.07"]
[SourceQuality "1"]

1. e4 c5 2. Nc3 Nc6 3. g3 g6 4. Bg2 Bg7 5. d3 d6 6. Be3 e6 7. Qd2 Nd4 8. Nd1 Ne7 9. c3 Ndc6 10. Bh6 Bxh6 11. Qxh6 Ng8 12. Qd2 e5 13. Ne2 Bg4 14. f3 Be6 15. Ne3 Nge7 16. 0-0 0-0 17. f4 f6 18. f5 Bd7 19. h4 Kg7 20. g4 Ng8 21. Ng3 Be8 22. fxg6 hxg6 23. g5 fxg5 24. Rxf8 Kxf8 25. Rf1+ Kg7 26. hxg5 Bd7 27. Nd5 Be6 28. Qf2 Rc8 29. Nf6 Nxf6 30. Qxf6+ Qxf6 31. Rxf6 Re8 32. Nf1 Nb8 33. a3 Nd7 34. Rf3 Nf8 35. Bh3 Bxh3 36. Rxh3 Nh7 37. Rg3 Nf8 38. Ne3 Ne6 39. Nd5 Rf8 40. Kg2 Rh8 41. Ne7 Nf4+ 42. Kf3 Nxd3 43. b4 Nf4 44. Nd5 cxb4 45. axb4 Rc8 46. Kg4 Nxd5 47. exd5 Rc4+ 48. Kh3 Rf4 49. Kh2 a6 50. Rg2 Rf5 51. Rg4 Rf4 52. Rg2 Rf3 53. Rc2 Kf7 54. c4 Ke7 55. c5 Kd7 56. c6+ bxc6 57. Rxc6 Rd3 58. Rxa6 Rxd5 59. Ra7+ Ke6 60. Rb7 e4 61. Kg3 Kf5 62. b5 Kxg5 63. b6 Rb5 64. Rb8 Rb3+ 65. Kf2 Kf4 66. b7 Rb2+ 67. Kf1 Ke3 68. Rd8 Rxb7 69. Rxd6 0-1

[Event "Poio op 2nd"]
[Site "Poio"]
[Date "2002.09.04"]
[Round "5.7"]
[White "Cubero Ferreiro, Rodrigo"]
[Black "Bjerring, Kai"]
[Result "0-1"]
[WhiteElo "2095"]
[BlackElo "2263"]
[PlyCount "68"]
[EventDate "2002.08.31"]
[EventType "swiss"]
[EventRounds "9"]
[EventCountry "ESP"]
[SourceTitle "CBM 090 Extra"]
[Source "ChessBase"]
[SourceDate "2002.11.07"]
[SourceVersion "1"]
[SourceVersionDate "2002.11.07"]
[SourceQuality "1"]

1. d4 d5 2. c4 c6 3. Nf3 e6 4. Nc3 dxc4 5. e3 b5 6. a4 b4 7. Na2 Nf6 8. Bxc4 Nbd7 9. 0-0 c5 10. Bd2 a5 11. Nc1 cxd4 12. Nxd4 Bb7 13. f4 Qb6 14. Bb5 Bc5 15. Ncb3 Bxd4 16. exd4 0-0 17. f5 exf5 18. Rxf5 Qe6 19. Bxd7 Nxd7 20. Rxa5 Bd5 21. Rxa8 Rxa8 22. Nc1 Re8 23. Qf1 Qg4 24. Kh1 Qxd4 25. Bg5 Bc4 26. Qg1 Qxb2 27. Nd3 Bxd3 28. Rd1 Be4 29. Bc1 Qc2 30. Rd2 Qxa4 31. Bb2 Qc6 32. Qd4 Bxg2+ 33. Kg1 Re1+ 34. Kf2 Qf3+ 0-1

[Event "Padron op"]
[Site "Padron"]
[Date "2002.08.29"]
[Round "8"]
[White "Bjerring, Kai"]
[Black "Piankov, Evgenij"]
[Result "0-1"]
[WhiteElo "2263"]
[BlackElo "2341"]
[PlyCount "94"]
[EventDate "2002.08.22"]
[EventType "swiss"]
[EventRounds "9"]
[EventCountry "ESP"]
[SourceTitle "CBM 089 Extra"]
[Source "ChessBase"]
[SourceDate "2002.09.10"]
[SourceVersion "2"]
[SourceVersionDate "2002.09.10"]
[SourceQuality "1"]

1. e4 c6 2. d4 d5 3. Nc3 dxe4 4. Nxe4 Nf6 5. Nxf6+ gxf6 6. c3 Bf5 7. Nf3 Nd7 8. g3 Qb6 9. Qe2 0-0-0 10. Be3 Bg4 11. Bg2 Qb5 12. Qxb5 cxb5 13. a4 b4 14. a5 a6 15. 0-0 e6 16. Rfc1 Bd6 17. cxb4+ Kb8 18. b5 Rc8 19. bxa6 bxa6 20. Rc3 Rxc3 21. bxc3 Kc7 22. Nd2 Be2 23. Bf1 Bxf1 24. Kxf1 Rb8 25. Ke2 Kc6 26. Kd3 f5 27. Nc4 Bc7 28. Bg5 Rg8 29. Bd2 Nf6 30. Ne3 Rb8 31. Nc2 Bd6 32. h3 Ne4 33. Be1 Rb2 34. g4 Ng5 35. gxf5 Nxh3 36. fxe6 Nf4+ 37. Kd2 fxe6 38. f3 h5 39. Bg3 Kb5 40. Rh1 Kc4 41. Rh4 Ng6 42. Rh3 Bf4+ 43. Bxf4 Nxf4 44. Rh2 Nd5 45. Re2 Kb3 46. Rxe6 Rxc2+ 47. Kd1 Kxc3 0-1

[Event "Padron op"]
[Site "Padron"]
[Date "2002.08.27"]
[Round "6"]
[White "Bjerring, Kai"]
[Black "Pina Vega, Sulennis"]
[Result "1-0"]
[WhiteElo "2263"]
[BlackElo "2303"]
[PlyCount "49"]
[EventDate "2002.08.22"]
[EventType "swiss"]
[EventRounds "9"]
[EventCountry "ESP"]
[SourceTitle "CBM 089 Extra"]
[Source "ChessBase"]
[SourceDate "2002.09.10"]
[SourceVersion "2"]
[SourceVersionDate "2002.09.10"]
[SourceQuality "1"]

1. e4 c5 2. Nf3 d6 3. d4 cxd4 4. Nxd4 Nf6 5. Nc3 Nc6 6. Bg5 e6 7. Qd2 a6 8. 0-0-0 Bd7 9. f4 b5 10. Bxf6 gxf6 11. Nxc6 Bxc6 12. Qe1 Be7 13. Bd3 Qb6 14. Kb1 b4 15. Ne2 d5 16. exd5 Bxd5 17. Nd4 Bxg2 18. Rg1 Bd5 19. Be4 Rd8 20. Nb3 Bxe4 21. Qxe4 Rxd1+ 22. Rxd1 0-0 23. Qg2+ Kh8 24. Rg1 Qxg1+ 25. Qxg1 1-0

[Event "Alfonso Pedrido op 10th"]
[Site "Villagarcia de Arosa"]
[Date "2002.08.11"]
[Round "8.6"]
[White "Bjerring, Kai"]
[Black "Paredes Cordo, Jacobo Borja"]
[Result "0-1"]
[WhiteElo "2263"]
[BlackElo "2243"]
[PlyCount "126"]
[EventDate "2002.08.04"]
[EventType "swiss"]
[EventRounds "9"]
[EventCountry "ESP"]
[SourceTitle "CBM 089 Extra"]
[Source "ChessBase"]
[SourceDate "2002.09.10"]
[SourceVersion "2"]
[SourceVersionDate "2002.09.10"]
[SourceQuality "1"]

1. e4 c5 2. Nf3 e6 3. d4 cxd4 4. Nxd4 Nc6 5. Nc3 a6 6. g3 Nge7 7. Bg2 Nxd4 8. Qxd4 Nc6 9. Qd1 Be7 10. 0-0 0-0 11. Bf4 d6 12. Qe2 Qc7 13. Rfc1 Ne5 14. Nd1 Bd7 15. c4 Rac8 16. b3 Bf6 17. Nc3 Qa5 18. Qd2 Rfd8 19. Nd5 Qxd2 20. Nxf6+ gxf6 21. Bxd2 b5 22. Ba5 Re8 23. cxb5 Bxb5 24. Rd1 Rc2 25. Rxd6 Rec8 26. Rd8+ Rxd8 27. Bxd8 Nd3 28. Bb6 Nc1 29. a4 Bd3 30. b4 Ne2+ 31. Kh1 Nc3 32. f3 e5 33. h4 Rb2 34. Bc5 Ne2 35. Bf2 Rxb4 36. Rd1 Rb3 37. Bf1 Bc4 38. Rd8+ Kg7 39. Bh3 Rxf3 40. Kg2 Rd3 41. Rxd3 Bxd3 42. Kf3 Nc3 43. Bf5 Nxa4 44. Be1 Bb5 45. Bb4 Nb6 46. Bh3 Nd7 47. Bxd7 Bxd7 48. g4 Kg6 49. Be7 h6 50. Kg3 a5 51. Kf3 a4 52. Kg3 Bc6 53. Kf3 Bb5 54. Ke3 Bc4 55. Kf3 Bb3 56. Kg3 Bd1 57. Ba3 h5 58. gxh5+ Kxh5 59. Be7 Kg6 60. Bd6 Bc2 61. Kf3 f5 62. Bxe5 fxe4+ 63. Kf4 Kh5 0-1

[Event "Linares blind"]
[Site "Linares"]
[Date "2002.03.04"]
[Round "9"]
[White "Bjerring, Kai"]
[Black "Dukaczewski, Piotr"]
[Result "1-0"]
[WhiteElo "2284"]
[BlackElo "2337"]
[PlyCount "147"]
[EventDate "2002.02.22"]
[EventType "tourn"]
[EventRounds "9"]
[EventCountry "ESP"]
[SourceTitle "CBM 086 Extra"]
[Source "ChessBase"]
[SourceDate "2002.03.14"]
[SourceVersion "1"]
[SourceVersionDate "2002.03.14"]
[SourceQuality "1"]

1. d4 Nf6 2. Bg5 Ne4 3. Bf4 d5 4. Nd2 Nxd2 5. Qxd2 c6 6. e3 g6 7. h4 h5 8. Be5 f6 9. Bg3 Be6 10. Bd3 Bf7 11. Ne2 Nd7 12. f3 e5 13. c3 Bd6 14. Qc2 Rg8 15. e4 dxe4 16. fxe4 Qe7 17. 0-0-0 a5 18. Kb1 a4 19. Bf2 Kf8 20. Nc1 Kg7 21. Rhg1 Be6 22. Be2 exd4 23. cxd4 c5 24. dxc5 Bh2 25. Rh1 Be5 26. Bc4 Rgc8 27. Bxe6 Qxe6 28. Nd3 Ra6 29. Rh3 Qg4 30. Nxe5 Nxe5 31. Rg3 Qe6 32. Rc3 Qf7 33. Rd6 Nc6 34. a3 Re8 35. Bg3 Raa8 36. Rc4 Qe7 37. e5 Nxe5 38. Rxa4 Rxa4 39. Qxa4 Nf7 40. Rd1 Rc8 41. Bd6 Qe6 42. Qb4 Qe2 43. Qd2 Qe4+ 44. Ka1 Qxh4 45. Qd5 Rc6 46. g3 Qg5 47. Qe6 Qxc5 48. Bxc5 Rxc5 49. Qxf7+ Kxf7 50. Rd7+ Ke6 51. Rxb7 Ra5 52. Ka2 Kf5 53. Rc7 Kg4 54. Rc3 f5 55. b4 Ra8 56. Kb3 h4 57. gxh4 f4 58. Rc6 Rg8 59. Rf6 f3 60. b5 Kg3 61. a4 f2 62. a5 g5 63. a6 g4 64. a7 Kg2 65. b6 g3 66. b7 Rg6 67. Rxg6 f1Q 68. Rxg3+ Kxg3 69. b8Q+ Kh3 70. Qc8+ Kh2 71. Qc2+ Kh3 72. a8Q Qb5+ 73. Ka2 Qf1 74. Qag2+ 1-0